| 000 | 00513cam a2200217ua 4500 | ||
|---|---|---|---|
| 001 | 8040 | ||
| 005 | 20260515114303.0 | ||
| 008 | 150105n ii |||gr||||Z||||||hin | ||
| 020 | _a8170280354 | ||
| 040 | _cMAIN | ||
| 041 | _ahin | ||
| 082 | _a920 | ||
| 100 |
_aMachwe, P., _eAuthor. |
||
| 245 | 1 |
_aMakhanlal Chaturvedi _cBy Prabhakar Machwe |
|
| 250 | _a1st. | ||
| 260 |
_aDelhi: _bRajpal, _c1988. |
||
| 300 | _a88p. | ||
| 653 | _aBiography, genealogy & insignia | ||
| 653 | _aHindi biography | ||
| 942 | _cBK | ||
| 999 |
_c7152 _d7152 |
||